ბათუმის შოთა რუსთაველის სახელმწიფო უნივერსიტეტის ბიბლიოთეკა

ქართული ლიტერატურის სწავლების თეორია და პრაქტიკა. (ბიბ.ჩანაწერი № 49310)

000 -LEADER
fixed length control field 01114nam a2200205Ia 4500
001 - CONTROL NUMBER
control field 16226
003 - CONTROL NUMBER IDENTIFIER
control field GE_BSU
008 - FIXED-LENGTH DATA ELEMENTS--GENERAL INFORMATION
fixed length control field 181216s||||||||xx |||||||||||||| ||und||
040 ## - CATALOGING SOURCE
Transcribing agency GE_BSU
080 ## - UNIVERSAL DECIMAL CLASSIFICATION NUMBER
Universal Decimal Classification number 821.353.1.(072)
100 ## - MAIN ENTRY--PERSONAL NAME
Personal name ღამბაშიძე,ნინო.
245 ## - TITLE STATEMENT
Title ქართული ლიტერატურის სწავლების თეორია და პრაქტიკა.
300 ## - PHYSICAL DESCRIPTION
Extent 52გვ;25სმ
300 ## - PHYSICAL DESCRIPTION
Other physical details ბიბლიოგრ.ტექსტ.შენიშვნ.გვ:49
520 ## - SUMMARY, ETC.
Summary, etc. ამერიკული აკად.თბილისში,განათლ.განვითარებისა და კვლევის ცენტრი. მასწავლებლის ბიბლიოთეკა:სასწავლო სტრატეგიები სკოლაში.
653 ## - INDEX TERM--UNCONTROLLED
Uncontrolled term ლიტერატურა
653 ## - INDEX TERM--UNCONTROLLED
Uncontrolled term ქართული ლიტერატურის სწავლების თეორია და პრაქტიკა.
942 ## - ADDED ENTRY ELEMENTS (KOHA)
Koha item type წიგნი
ეგზემპლარები
Withdrawn status Lost status Damaged status Not for loan Date acquired Barcode Date last seen Price effective from Koha item type
        2018-12-17 40084 2018-12-17 2018-12-17 წიგნი
        2018-12-17 40085 2018-12-17 2018-12-17 წიგნი
        2018-12-17 40086 2018-12-17 2018-12-17 წიგნი
        2018-12-17 40087 2018-12-17 2018-12-17 წიგნი
        2018-12-17 40088 2018-12-17 2018-12-17 წიგნი
        2018-12-17 40089 2018-12-17 2018-12-17 წიგნი
        2018-12-17 40090 2018-12-17 2018-12-17 წიგნი
        2018-12-17 40091 2018-12-17 2018-12-17 წიგნი
        2018-12-17 40092 2018-12-17 2018-12-17 წიგნი
        2018-12-17 40093 2018-12-17 2018-12-17 წიგნი